000 00274nam a22001097a 4500
082 _a920/DAS
100 _aDas, Dr.Asitabha
_983290
245 _aThe Collected work Of Freedom Fighter RASH BEHARI BOSE
260 _akolkata
_bAlpana
_c2023
650 _aBiography
942 _cBK
999 _c68138
_d68138